Perspectiva Institucional. Programa de Evolución e Investigación Educativa (Record no. 9148)

MARC details
000 -LEADER
campo de control de longitud fija 00369nam a2200133Ia 4500
001 - NÚMERO DE CONTROL
campo de control 2416
008 - DATOS DE LONGITUD FIJA--INFORMACIÓN GENERAL
campo de control de longitud fija 241024s9999 xx 000 0 und d
082 ## - NÚMERO DE LA CLASIFICACIÓN DECIMAL DEWEY
Número de clasificación RD/370.97293/ID19p
100 ## - ENTRADA PRINCIPAL--NOMBRE DE PERSONA
Nombre de persona IDEICE
245 #0 - MENCIÓN DEL TÍTULO
Título Perspectiva Institucional. Programa de Evolución e Investigación Educativa
260 ## - PUBLICACIÓN, DISTRIBUCIÓN, ETC.
Nombre del editor, distribuidor, etc. Santo Domingo
Fecha de publicación, distribución, etc. 2010
901 ## - ELEMENTOS DE DATOS A LOCAL LDA (RLIN)
a 28/8/2012 3:09:08 p.m.

No items available.

© 2024. Todos los Derechos Reservados. Desarrollado por IDEICE